000 03235nam a2200325 u 4500
001 000009243
005 20200929161529.0
008 090929s2002 dr ac 000 0 spa d
020 _a8466203206
040 _aDO-SdBNP
082 _aR636.7
_bG943c
100 1 _aWhitehead, Sarah
_923939
240 1 0 _aDog-The Complete Guide
_linglés
245 1 0 _aGuía completa de perros /
_cSarah Whitehead, Bradley Viner ; colaboradores Beverly Cuddy, Peter Neville ; traducción Macarena Rojo González.
246 1 4 _aGuía completa de perros:
_bsalud e higiene, características y comportamiento, las razas y sus peculiaridades
260 _aMadrid :
_bLIBSA,
_c2002.
270 _aEditora LIBSA, C/San Rafael, 4 28/08 Alcobendas
_bMadrid
_dEspaña
_k34-91-657-25-80
_l34-91-657-25-83
_m[email protected]
_mwww.libsa.es
300 _a256 p. :
_bil. retrs. ;
_c31 cm.
505 0 _aIntroducción -- El mejor amigo del hombre -- Conocerlos mejor -- Evolución y domesticación -- Anatomía del perro -- Diferencias morfológicas -- Piel y pelaje -- Órganos internos -- La vista -- El oído -- Olfato y gusto -- Aparato locomotor -- Instintos de caza -- Olfato e instinto de defensa -- Ciclo vital del perro -- Conducta canina -- La socialización -- Inteligencia y comunicación -- Cuidar de un perro -- ¿Por qué un perro? -- Tener un perro -- Qué perro elegir -- Qué cachorro elegir -- Necesidades básicas -- Empezar con buen pie -- Comprenda a su perro -- Necesidades afectivas -- Preparar su llegada -- Toma de contacto -- Adaptación al nuevo hogar -- Contacto físico -- Educación del cachorro -- Enseñanza secundaria -- Educación del perro adulto -- Dejar claro quién manda -- La disciplina -- Controlar los esfínteres -- Espacios habitables -- Proteger casa y perro -- Viajar con perro -- Conducta problemática -- Un perro feliz -- El perro sano -- Nutrición y dietética -- Necesidades higiénicas y estéticas -- El ajuar completo -- Importancia del juego -- Ejercicio físico -- La hora del paseo -- La salud de su perro -- Medicina preventiva -- Enfermedades hereditarias -- La estelirización -- Trastornos oculares, auditivos y odontológicos -- Problemas neurológicos y circulatorios -- Problemas cutáneos -- Problemas osteomusculares y articulares -- Problemas digestivos y respiratorios -- Enfermedades del aparato reproductor y urinario -- Medicina natural -- Enfermería y primeros auxilios -- Criar una camada -- Elegir la pareja -- La gestación -- El parto -- Los recién nacidos -- El perro en acción -- Razas caninas -- Perros rastreadores y de carrera -- Perros de muestra, de cobro y de aguas -- Terriers -- Perros de compañía -- Perros de trabajo -- Razas toy -- Concursos caninos -- El perro y la historia -- Perros famosos... y perros de famosos -- El perro y la cultura -- Direcciones útiles -- Bibliografía recomendada
650 4 _aPerros
_912517
650 4 _aRazas de perros
_923940
650 4 _aPerros
_xAmaestramiento
_921878
650 4 _aAlimentos para perros
_923941
700 1 _aWhitehead, Sarah
_923939
700 1 _aViner, Bradley
_923942
700 1 _aCuddy, Beverly
_923943
700 1 _aNeville, Peter
_923944
700 1 _aRojo González, Macarena,
_etr.
_923945
049 _aBNGR
999 _c9006
_d9006